MDQL
is popping MORE tags! Check the
thread
!
Quizzes
Events
Quiz Creation
Community
Videos
Private Events
Remove Ads
Sign In
Join for FREE
Feedback
Dark Mode
Quiz Categories
Sports
Geography
Music
Movies
Television
Just For Fun
Miscellaneous
History
Literature
Language
Science
Gaming
Entertainment
Religion
Holiday
For Kids
Quiz Lab
Recent
Popular Today
Quiz Kudos Today
Editor Picks
Curator Picks
Quizzes by...
Day
Popularity
Type
Ratings
Length
Year
Community
Subscriptions
Recent Discussions
Orange Saloon
Badges
Playlists
Quests
Create
Leaderboards
Showdown
Live 5
Trivia Bingo
Activity
Puzzle Library
Sporcle Events
Private Events
Virtual Trivia
Globe League
Become a Host
Pub Owners
SporcleCon
Opinionation
Our Games
Videos
Blog
Mobile Apps
Partnerships
Remove Ads and Go Orange
Feedback
Sports
Athletes
MLB
NBA
NHL
NFL
Soccer
Sports Teams
WWE
NCAA
Football
Premier League
Basketball
Baseball
Hockey
Golf
Tennis
Cricket
Rugby
Auto Racing
Olympics
World Cup
Sports
Athletes
MLB
NBA
NHL
NFL
Soccer
Sports Teams
WWE
NCAA
Football
Premier League
Basketball
Baseball
Hockey
Golf
Tennis
Cricket
Rugby
Auto Racing
Olympics
World Cup
Random Quiz
Search Sporcle
×
Quiz Lab
Quiz Lab
Sports
San Francisco 49ers
Type in answers that appear in a list
Type in answers that appear in a list
Classic
Best Score? Go Orange.
San Francisco 49ers Career Leaders Stats
Can you name the San Francisco 49ers Career Leaders?
By
lakers22
10m
91 Questions
960 Plays
960 Plays
960 Plays
Comments
Comments
Give Quiz Kudos
Give Quiz Kudos
-
- Ratings
hide this ad
More Info
Replay
Link that replays current quiz
Next Quiz
Link to next quiz in quiz playlist
You Got
0%
They Got
Avg Score
48%
Avg Friend Score
Upgrade to see
Score Distribution
Jump to the score distribution portion of the page
Score
0/91
Timer
10:00
0
Plays Today
Thing
Player
% Correct
Passing Yards
Joe Montana
99.4%
Passing Touchdowns
Joe Montana
99.4%
Passing Yards
Steve Young
98.8%
Passing Touchdowns
Steve Young
98.8%
Rushing Yards
Steve Young
98.8%
Rushing Touchdowns
Steve Young
98.8%
Sacks
Bryant Young
96.9%
Forced Fumbles
Bryant Young
96.9%
Receiving Yards
Jerry Rice
96.1%
Receiving Touchdowns
Jerry Rice
96.1%
Rushing Yards
Frank Gore
89.9%
Rushing Touchdowns
Frank Gore
89.9%
Passing Yards
Alex Smith
89%
Passing Touchdowns
Alex Smith
89%
Rushing Yards
J.D. Smith
87.3%
Rushing Touchdowns
J.D. Smith
87.3%
Passing Yards
Jeff Garcia
85.9%
Passing Touchdowns
Jeff Garcia
85.9%
Receiving Yards
Terrell Owens
83.3%
Receiving Touchdowns
Terrell Owens
83.3%
Rushing Yards
Roger Craig
82.2%
Rushing Touchdowns
Roger Craig
82.2%
Receiving Yards
Roger Craig
82.2%
Interceptions
Ronnie Lott
79.4%
Forced Fumbles
Ronnie Lott
79.4%
Receiving Yards
John Taylor
70.3%
Receiving Touchdowns
John Taylor
70.3%
Receiving Yards
Dwight Clark
67.1%
Receiving Touchdowns
Dwight Clark
67.1%
Rushing Yards
Garrison Hearst
61.8%
Rushing Touchdowns
Garrison Hearst
61.8%
Thing
Player
% Correct
Passing Yards
Y.A. Tittle
59.7%
Passing Touchdowns
Y.A. Tittle
59.7%
Passing Yards
John Brodie
59.1%
Passing Touchdowns
John Brodie
59.1%
Receiving Touchdowns
Vernon Davis
56.9%
Receiving Yards
Brent Jones
56.1%
Receiving Touchdowns
Brent Jones
56.1%
Forced Fumbles
Patrick Willis
54.9%
Sacks
Charles Haley
51.9%
Forced Fumbles
Charles Haley
51.9%
Interceptions
Jimmy Johnson
50.8%
Rushing Yards
Joe Perry
47.7%
Rushing Touchdowns
Joe Perry
47.7%
Interceptions
Merton Hanks
45.2%
Sacks
Dana Stubblefield
44.3%
Forced Fumbles
Dana Stubblefield
44.3%
Passing Yards
Steve DeBerg
42.8%
Passing Touchdowns
Steve DeBerg
42.8%
Rushing Touchdowns
Tom Rathman
40.6%
Receiving Yards
J.J. Stokes
38.4%
Passing Yards
Tim Rattay
33.5%
Passing Touchdowns
Tim Rattay
33.5%
Sacks
Andre Carter
29.5%
Forced Fumbles
Andre Carter
29.5%
Receiving Yards
Freddie Solomon
28.3%
Receiving Touchdowns
Freddie Solomon
28.3%
Passing Yards
Steve Spurrier
28%
Passing Touchdowns
Steve Spurrier
28%
Receiving Yards
Gene A. Washington
28%
Receiving Touchdowns
Gene A. Washington
28%
Rushing Yards
Kevan Barlow
26.6%
Thing
Player
% Correct
Interceptions
Dwight Hicks
26.1%
Rushing Yards
Hugh McElhenny
25.3%
Rushing Touchdowns
Hugh McElhenny
25.3%
Passing Yards
Frankie Albert
21%
Passing Touchdowns
Frankie Albert
21%
Rushing Touchdowns
Frankie Albert
21%
Receiving Yards
Billy Wilson
18.8%
Receiving Touchdowns
Billy Wilson
18.8%
Forced Fumbles
Julian Peterson
16.4%
Rushing Yards
Ken Willard
16%
Rushing Touchdowns
Ken Willard
16%
Sacks
Chris Doleman
15.3%
Forced Fumbles
Chris Doleman
15.3%
Interceptions
Don Griffin
13.3%
Sacks
Dwaine Board
12%
Sacks
Pierce Holt
11.7%
Forced Fumbles
Bill Romanowski
11.7%
Interceptions
Tony Parrish
9.5%
Interceptions
Kermit Alexander
5.9%
Sacks
Roy Barker
4.3%
Forced Fumbles
Roy Barker
4.3%
Sacks
Larry Roberts
3.4%
Sacks
Jeff Stover
3.1%
Forced Fumbles
John Engelberger
2.9%
Receiving Touchdowns
Alyn Beals
1.8%
Interceptions
Rex Berry
1.4%
Interceptions
Lowell Wagner
1%
Rushing Yards
Johnny Strzykalski
0.8%
Interceptions
Jim Cason
0.8%
Quiz Playlist
Details
Report
Send in Message
Add To Playlist
More Info:
Stats as of November 9, 2011
Classic:
Type in answers that appear in a list
Last Updated: Feb 16, 2017
Quiz Scoreboard
CHALLENGE
Sign Up to Join the Scoreboard
Show All
Scores
Hide
Comments
May contain spoilers
Recently Published
Colored Red Africa Blitz
by spor1
Geography
30s
Find the 'City' Movie
by crazypaving
Movies
60s
5x2 Blitz: Bands
by SL_Kpop136
Music
30s
More to Explore
Quiz From the Vault
Featured Blog Post
14 Easter Pick-up Lines to Find Eggs With
hide this ad
You Might Also Like...
Tags
Career
francisco
Player
san
San Francisco
San Francisco 49ers
stat
Today's Top Quizzes in Sports
Browse Sports
hide this ad
Today's Top Quizzes in San Francisco 49ers
Browse San Francisco 49ers
Top Contributed Quizzes in Sports
1
Players with Multiple 50 Home Run Seasons
2
Les entraîneurs de l'OM et du PSG au 21e siècle
3
Criteria MLB: Left Handed Sluggers
4
2022 World Cup Stars
5
Les meilleurs buteurs des matchs entre le PSG et l’OM
6
Who Hit More Homers?
7
Les joueurs passés par le PSG et l'OM
8
NBA Logic Puzzle 2.0
9
Top 10 NHL Goal Scorers of All Time
10
MLB Players with Two .350 Batting Average Seasons
Explore More
Trending Topics
Disney
Anime
NBA
Kpop
Crossword
Marvel
Harry Potter
The Office
Pokémon
Puzzle
Song
Soccer
WWE
NFL
Country
hide this ad
More By:
lakers22
Quiz
Plays
Rating
Category
Featured
Created
L.A. Lakers starters (2000-2009)
7,303
3.07
Sports
Dec 19, 2009
NBA PPG Leader (1990s)
3,374
2.69
Sports
Nov 14, 2009
San Francisco 49ers Career Leaders
960
4.50
Sports
Dec 23, 2009
Starting QB's in the 1998 NFL Season
794
5.00
Sports
Oct 18, 2009
Los Angeles Lakers Career Leaders
761
3.50
Sports
Dec 22, 2009
Go to Creator's Profile
Score Distribution
Quiz Creator Spotlight
lakers22
Follow
Send a Message
Quizzes Created
-
Created Quiz Play Count
-
More By This Creator
Popular Quizzes Today
1
Colored Red Africa Blitz
2
Find the 'City' Movie
3
Find the US States - No Outlines Minefield
4
5x2 Blitz: Bands
5
The Countries of the World
6
Find the US States
7
US States
8
9x9 Crossword: Cartoon Network
More Sports Quizzes
Big Five Top Scorers 1997-1998
Quiz Lab
Trending Quizzes
Colored Red Europe Blitz I
Colored Red Europe Blitz II
Colored Red Africa Blitz II
Colored Red Africa Blitz III
Colored Red Europe Blitz III
Recently Updated
Godzilla Movies
pecheneg
Grab Bag: 4-10 Letters
pecheneg
2024 March Madness Bracket
pecheneg
Famous TV Couples
Peacemaker
Champions League XIs: Real Madrid
pecheneg
Largest US Cities 1790-2010
pecheneg
Rides in Walt Disney World
pecheneg
Most Oscar Losses (Acting)
pecheneg
Beyoncé Albums
pecheneg
Leaping Animals
pecheneg
Trending Topics
Disney
Harry Potter
Kpop
Crossword
Anime
Marvel
NBA
Country
NFL
Pokémon
Song
WWE
Soccer
Puzzle
The Office
Your Account Isn't Verified!
In order to create a playlist on Sporcle, you need to verify the email address you used during registration. Go to your
Sporcle Settings
to finish the process.
Report this User
Report this user for behavior that violates our
Community Guidelines
.
Details:
Send Report
Go to the Sporcle.com Mobile Site →
Comments